| 000 | 00714nam a22002417a 4500 | ||
|---|---|---|---|
| 999 |
_c7983 _d7983 |
||
| 001 | 21467 | ||
| 003 | BD-DhUAP | ||
| 005 | 20220111201727.0 | ||
| 008 | 220108b20142018bg |||| |||| 001 0 eng d | ||
| 020 | _a9789845060080 | ||
| 040 |
_aBD-DhUAP _beng _cBD-DhUAP _dBD-DhUAP _eBD-DhUAP |
||
| 082 |
_223 _a954.91 CHO |
||
| 100 | _aChoudhury, G. W. | ||
| 245 |
_aThe last days of United Pakistan / _bG. W. Choudhury. |
||
| 260 |
_aOxford : _bOxford University Press, _c2018. |
||
| 300 |
_axiv, 239 p. : _c22 cm. |
||
| 500 | _aIncludes index. | ||
| 650 |
_aPakistan. _xPolitics and government. |
||
| 651 |
_aBangladesh _xPolitics and government. |
||
| 653 | _aPolitics | ||
| 653 | _aHistory, 1947-1971 | ||
| 942 |
_2ddc _cBK |
||